| 000 | 00605nam a22002057a 4500 | ||
|---|---|---|---|
| 005 | 20251108165317.0 | ||
| 008 | 250721s1998 xx 000 0 ara d | ||
| 082 | 1 | 4 | _a632.9/دجو |
| 100 | 1 | _aالدجوى، علي | |
| 245 | 1 | 0 | _aالدليل التطبيقي لمكافحة آفات و أمراض النبات / |
| 264 |
_bمكتبة مدبولي، _c1998. |
||
| 300 | _a292ص | ||
| 650 | 1 | 7 | _aأمراض النبات |
| 650 | 1 | 7 | _aالأمراض الفطرية |
| 650 | 1 | 7 | _aالإصفرار |
| 650 | 1 | 7 | _aالبقع |
| 650 | 1 | 7 | _aآفات النبات |
| 942 |
_2ddc _cBK |
||
| 999 |
_c24761 _d24761 |
||